Vocabulaire coréen - Jour 4 - Statistiques

Statistiques générales
  • Ce quiz a été pris 10 fois
  • Le résultat moyen est 3 sur 12
Statistiques - réponses
Hint Réponse % Correct
Chanteur 가수
78%
Sous (position)
44%
Octobre 시월
33%
Juin 유월
33%
Alors/Donc 그러니까
22%
Chaussures 구두
22%
Kilogrammes 킬로그램
22%
Pot de fleur 화분
11%
Porte-manteau 옷걸이
11%
Vase 꽃병
11%
Centimètre(s) 센티미터
11%
Poids du corps 몸무게
11%
Aucun quiz correspondant
Distribution des résultats
% des personnes avec chaque résultat
Percentile par nombre de réponses
Votre historique - résultats
Vous n’avez pas pris ce quiz